| 000 | 00515nam a22001457a 4500 | ||
|---|---|---|---|
| 008 | 230406b |||||||| |||| 00| 0 eng d | ||
| 040 |
_aNational Science Library _cNational Science Library |
||
| 080 |
_a338.924 _bL6 |
||
| 245 |
_aGuidelines for industries: _bHandbook of industrial policy and procedures and annual guidelines for industries 1976-77 |
||
| 260 |
_aNew Delhi: _bDepartment of Industrial Development, _c1976 |
||
| 300 | _axi, 352p. | ||
| 650 | _aHandbook | ||
| 653 | _aIndustries | ||
| 942 |
_2udc _cHDK |
||
| 999 |
_c19595 _d19595 |
||